Economic history of India (Record no. 394755)

MARC details
000 -LEADER
fixed length control field 00464 a2200193 4500
005 - DATE & TIME
control field 20260421153515.0
008 - FIXED-LENGTH DATA ELEMENTS--GENERAL INFORMATION
fixed length control field 260421b |||||||| |||| 00| 0 eng d
020 ## - ISBN
International Standard Book Number 9789388249799
Price Rs. 3500.00
040 ## - CATALOGING SOURCE
Original cataloging agency VIVEKANANDA LIBRARY
082 ## - DDC NUMBER
Classification number 330.954
Book Number S98E
100 ## - MAIN ENTRY--PERSONAL NAME
Personal name Saxena, S
245 ## - TITLE STATEMENT
Title Economic history of India
260 ## - PUBLICATION, DISTRIBUTION, ETC. (IMPRINT)
Name of publisher, distributor, etc EDI
Date of publication, distribution, etc 2023
Place of publication, distribution, etc New Delhi
300 ## - PHYSICAL DESCRIPTION
Pages vi, 288
650 ## - Subject
Subject Economic
650 ## - Subject
Subject Economic History
700 ## - Added Entry Personal Name
Added Entry Personal Name Kumar, H
942 ## - ADDED ENTRY ELEMENTS (KOHA)
Koha item type Books
Holdings
Withdrawn status Lost status Source of classification or shelving scheme Damaged status Not for loan Location (home branch) Sublocation or collection (holding branch) Shelving location Date acquired Koha issues (times borrowed) Koha full call number Accession No. Koha date last seen Koha item type
    Dewey Decimal Classification     VIVEKANANDA LIBRARY VIVEKANANDA LIBRARY Vivekananda Library 02/02/2026   330.954 S98E 438007 01/04/2026 Books
© Designed and Maintained by Vivekananda Library, MDU Rohtak